Datum a čas kvízu
33.5
Celkem bodů
Celkový počet nahraných bodů na tomto kvízu bez doplňovacích otázek.
1.
Pořadí na kvízu
Konečné umístění týmu na tomto kvízu.
Zaznamenané odpovědi
| # | Otázka | Odpověď | Body | Výsledky |
|---|---|---|---|---|
| 1. | Poslední květnový den vyvrchol... | bábovka (#babovkovyden) | 1 | |
| 2. | V nejmenované zemi se odehrála... | v Indonésii | 0 | |
| 3. | Jednu miliardu dolarů. Tolik j... | Queen | 0 | |
| 4. | Minulý týden oznámili organizá... | v Ženevě | 1 | |
| 5. | V pátek proběhlo slavnostní vy... | Král bílé stopy, Ester Ledecká | 1 | |
| 6. | Kterým výrazem na písmeno M se... | mixologie | 0 | |
| 7. | Ernest Hemingway měl údajně v... | Daiquiri | 0 | |
| 8. | Oblíbenou složkou míchaných ná... | pomeranči | 1 | |
| 9. | Ve filmu Někdo to rád horké se... | Manhattan | 1 | |
| 10. | V poslední otázce se podíváme... | vaječný likér; griotku | 1 |